Transformación productiva y desigualdad en Costa Rica /

Las últimas tres décadas se han caracterizado por un proceso en cual el modelo de desarrollo ha puesto particular énfasis en la estabilización macroeconómica y en una estrategia de crecimiento económico basado en el sector externo de la economía. Parte de las conclusiones del artículo, es que los re...

תיאור מלא

שמור ב:
מידע ביבליוגרפי
מחבר ראשי: Arias Ramírez, Rafael
מחברים אחרים: Sánchez Meza, Rafael, Sánchez Hernández, Leonardo
פורמט: Texto
נושאים:
תגים: הוספת תג
אין תגיות, היה/י הראשונ/ה לתייג את הרשומה!

MARC

LEADER 00000 a a2200000 04500
001 42255
003
040
100 |a Arias Ramírez, Rafael  
245 |a Transformación productiva y desigualdad en Costa Rica /  |c Rafael Arias Ramírez ; Rafael Sánchez Meza ; Leonardo Sánchez Hernández  
520 |a Las últimas tres décadas se han caracterizado por un proceso en cual el modelo de desarrollo ha puesto particular énfasis en la estabilización macroeconómica y en una estrategia de crecimiento económico basado en el sector externo de la economía. Parte de las conclusiones del artículo, es que los resultados de la reforma económica y la estrategia de desarrollo, impulsadas desde la década de los ochenta, han sido insuficientes para retomar el camino de la transformación productiva con equidad.  
590 |a RRH/NOVIEMBRE2011  
650 |a 1.PRODUCCION  
650 |a 2.DESIGUALDAD  
650 |a 3.DISTRIBUCION DEL INGRESO  
650 |a 4.EXPORTACIONES  
650 |a 5.ECONOMIA  
650 |a 6.GASTOS SOCIALES  
650 |a 7.EQUIDAD ECONOMICA  
650 |a 8.POBREZA  
700 |a Sánchez Meza, Rafael  
700 |a Sánchez Hernández, Leonardo  
773 |g volumen29, número1 ( , 2011), páginas 59-95 : tablas, gráficos  
999 |c 26408  |d 26408